<?xml version="1.0" encoding="UTF-8"?>
<collection xmlns="http://www.loc.gov/MARC21/slim">
 <record>
  <leader>00946pamaa2200181   4500</leader>
  <controlfield tag="001">0000039929</controlfield>
  <controlfield tag="005">20110104090000.0</controlfield>
  <datafield tag="020" ind1="0" ind2="0">
   <subfield code="a">[ nil ] </subfield>
  </datafield>
  <datafield tag="090" ind1="0" ind2="0">
   <subfield code="a">QA76 </subfield>
   <subfield code="b">LAW 2004</subfield>
  </datafield>
  <datafield tag="100" ind1="1" ind2="0">
   <subfield code="a">LAW BING HUI </subfield>
  </datafield>
  <datafield tag="245" ind1="1" ind2="0">
   <subfield code="a">Study on Computer Telephony Technology and Implementation of A Home-Based Computer Telephony Application  </subfield>
   <subfield code="c">Law Bing Hui.</subfield>
  </datafield>
  <datafield tag="248" ind1="1" ind2="0">
   <subfield code="b">An Implementation of an Online College Sport Facilities Management System</subfield>
   <subfield code="c">Ng Ruo Yun</subfield>
  </datafield>
  <datafield tag="260" ind1="0" ind2="0">
   <subfield code="a">Nilai: </subfield>
   <subfield code="b">INTI College Malaysia, </subfield>
   <subfield code="c">December 2004.</subfield>
  </datafield>
  <datafield tag="300" ind1=" " ind2=" ">
   <subfield code="a">Volume VI, Number 10-11; </subfield>
   <subfield code="c">30 cm.</subfield>
  </datafield>
  <datafield tag="440" ind1="0" ind2="0">
   <subfield code="a">B.Sc (HONS) IN COMPUTER SCIENCE&#13;
AUGUST 2004</subfield>
  </datafield>
  <datafield tag="500" ind1="0" ind2="0">
   <subfield code="a">Dissertation submitted to Inti College Malaysia in partial fulfillment of the requirements for the Degree in Computer Science at Coventry University under the managment and supervision of School of Computing and Information Technology, INTI College Malaysia</subfield>
  </datafield>
  <datafield tag="650" ind1="0" ind2="0">
   <subfield code="a">Dissertations, academic -- </subfield>
   <subfield code="x">Computer systems </subfield>
  </datafield>
  <datafield tag="700" ind1="1" ind2="0">
   <subfield code="a">NG RUO YUN </subfield>
  </datafield>
 </record>
</collection>
